| 000 | 01221nam a2200313 a 4500 | ||
|---|---|---|---|
| 001 | 000023621 | ||
| 005 | 20200930022345.0 | ||
| 008 | 101215s1968 sp r 001 e spa d | ||
| 040 |
_aDO-SdBNP _bspa _cBNPHU |
||
| 041 | 1 | 7 |
_aspa _hfre _2Código de idiomas MARC |
| 082 |
_annnn _bC748a |
||
| 240 | 1 | 3 |
_aLe conflt Israélo - Arabe. _lEspañol. |
| 245 | 0 | 3 |
_aEl conflicto Arabe - Israelita / _cJ. P. Sartre ... [et. al] ; traducción de Jordi Marfá, M. Consol Freixa y Maite Lorés. |
| 260 |
_aBarcelona : _bEdición de Materiales, _c1968. |
||
| 300 |
_a559, [5] p. ; _c22 cm. |
||
| 490 | 1 | _aHistoria inmediata | |
| 504 | _aIncluye referencias bibliográficas y notas al pie de las páginas. | ||
| 534 |
_pTítulo original en francés: _tLe conflt Israélo - Arabe. _cLes temps modernes, 1967 |
||
| 500 | _aSelección de la revista "Les Temps Modernes", nº 233 | ||
| 500 | _aIncluye índice | ||
| 700 | 1 |
_aSartre, Jean-Paul, _d1905-1980 _913414 |
|
| 700 | 1 |
_aRodinson, M., _948672 |
|
| 700 | 1 |
_aMisrahi, R., _948673 |
|
| 700 | 1 |
_aMarfá, Jorge, _etr. _948674 |
|
| 700 | 1 |
_aFreixa, M. Consuelo, _etr. _948675 |
|
| 700 | 1 |
_aLorés, Maria Teresa, _etr. _948676 |
|
| 830 | 0 |
_aHistoria inmediata _932418 |
|
| 049 | _aBNGR | ||
| 999 |
_c23117 _d23117 |
||